000 00871nam a22002417a 4500
003 UA-OsUOA
001 83728
007 ta
008 20120425b un ||||| |||| 00| 0 ukr d
100 _aКоломієць Л.В.
090 _a81'255.4(075.8)
_bК61
942 _cBK
040 _aUA-OsUOA
_bukr
_cUA-OsUOA
_dUA-OsUOA
245 _aПерекладознавчі семінари:актуальні теоретичні концепції та моделі аналізу поетичного перекладу
_bнавчальний посібник
300 _a527 с.
955 _a2
041 _aukr
080 _a81'255.4(075.8)
020 _a978-966-439-405-2
260 _aК.
_bВПЦ "КУ"
_c2011
650 7 _a8 Мовознавство. Художня література. Літературознавство
_2UDC
999 _c370039
_d370039